• 首页
  • 本馆介绍
  • 公告通知
  • 最新文献
  • 馆藏检索
  • 电子资源
  • 读者导购
  • 参考咨询
  • 我的图书馆
  • 登录
  • 详细信息显示
  • 放入我的书架
  • 预约/预借图书
  • 作者相关作品
  • 分类相关作品
  • 丛书相关作品
  • 出版社相关作品

书目信息

  • 表格格式
  • 工作单格式
  • 卡片格式
题名:
爬泳技术与练习
    
 
作者: 吴河海 主编
分册:  
出版信息: 北京   人民体育出版社  2001
页数: 127页
开本: 21cm
丛书名: 游泳技术丛书
单 册:
中图分类: G861.111.9
科图分类:
主题词: 自由泳--基本知识 , CT--S099351--自由泳
电子资源:
ISBN: 7-5009-2101-2
000 00848oam2 2200253 45
001 012001075365
005 20061114143229.37
010    @a7-5009-2101-2@dCNY9.00
100    @a20010918d2001 em y0chiy0110 ea
101 0  @achi
102    @aCN@b110000
105    @aa z 000yy
200 1  @a爬泳技术与练习@9pa yong ji shu yu lian xi@f吴河海等主编
210    @a北京@c人民体育出版社@d2001
215    @a127页@c图@d21cm
225 2  @a游泳技术丛书
330    @a本书主要介绍爬泳的技术、学爬泳的练习方法以及如何才能游得远、游得快;还介绍了爬泳的出发、转身技术和爬泳的发展概况、比赛规则、等级标准、优秀运动员以及有关趣闻。
461  0 @12001 @a游泳技术丛书
606 0  @a自由泳@x基本知识
606 0  @2CT@3S099351@a自由泳
690    @aG861.111.9@v4
701  0 @a吴河海@9wu he hai@4主编
801  0 @aCN@bNLC@c20061114
905    @a10447@dG861.111.9@e48
    
    爬泳技术与练习/吴河海等主编.-北京:人民体育出版社,2001
    127页:图;21cm.-(游泳技术丛书)
    
    
    ISBN 7-5009-2101-2:CNY9.00
    本书主要介绍爬泳的技术、学爬泳的练习方法以及如何才能游得远、游得快;还介绍了爬泳的出发、转身技术和爬泳的发展概况、比赛规则、等级标准、优秀运动员以及有关趣闻。
●
相关链接 在E读中查询图书 在五车中查询图书 在当当中查询图书 在豆瓣中查询图书


正题名:爬泳技术与练习     索取号:G861.111.9/48         预约/预借

序号 登录号 条形码 馆藏地/架位号 状态 备注
1 0382811   203828117   第一样本阅览室/ [索取号:G861.111.9/48] 在馆    
2 0382812   203828126   第四借阅区/ [索取号:G861.111.9/48] 在馆    
3 0382813   203828135   第四借阅区/ [索取号:G861.111.9/48] 在馆    
4 0382814   203828144   第四借阅区/ [索取号:G861.111.9/48] 在馆    
5 0382815   203828153   第四借阅区/ [索取号:G861.111.9/48] 在馆    
唐山师范学院图书馆 欢迎您!
大连网信软件有限公司© 版权所有